Gestion des ressources genetiques des plantes. Tome 2: Manuel

Sparad:
Bibliografiska uppgifter
Huvudupphovsman: J Pernes
Materialtyp: Bok
Språk:Undetermined
Publicerad: Paris Agence de Coopération Culturelle et technique 1984
Ämnen:
Taggar: Lägg till en tagg
Inga taggar, Lägg till första taggen!
Thư viện lưu trữ: Trung tâm Học liệu Trường Đại học Cần Thơ
LEADER 00554nam a2200181Ia 4500
001 CTU_38583
008 210402s9999 xx 000 0 und d
082 |a 581.15 
082 |b P452 
100 |a J Pernes 
245 0 |a Gestion des ressources genetiques des plantes. Tome 2: Manuel 
245 0 |c J Pernes, A Charrier, D Combes 
260 |a Paris 
260 |b Agence de Coopération Culturelle et technique 
260 |c 1984 
650 |a plant genetics,plants 
904 |i Sáng, 970906 
980 |a Trung tâm Học liệu Trường Đại học Cần Thơ